<?xml version="1.0" encoding="UTF-8"?>
<record
    xmlns:xsi="http://www.w3.org/2001/XMLSchema-instance"
    xsi:schemaLocation="http://www.loc.gov/MARC21/slim http://www.loc.gov/standards/marcxml/schema/MARC21slim.xsd"
    xmlns="http://www.loc.gov/MARC21/slim">

  <leader>01361nam a22001697a 4500</leader>
  <controlfield tag="008">151029b        xxu||||| |||| 00| 0 eng d</controlfield>
  <datafield tag="020" ind1=" " ind2=" ">
    <subfield code="a">9780443069468</subfield>
  </datafield>
  <datafield tag="050" ind1=" " ind2=" ">
    <subfield code="a">RC348.F85</subfield>
  </datafield>
  <datafield tag="100" ind1=" " ind2=" ">
    <subfield code="a">Fuller, Geraint</subfield>
  </datafield>
  <datafield tag="245" ind1=" " ind2=" ">
    <subfield code="a">Neurological examination made easy. /</subfield>
    <subfield code="c">Geraint Fuller</subfield>
  </datafield>
  <datafield tag="250" ind1=" " ind2=" ">
    <subfield code="a">4th ed.</subfield>
  </datafield>
  <datafield tag="260" ind1=" " ind2=" ">
    <subfield code="a">New York:</subfield>
    <subfield code="b">Churchill Livingstone,</subfield>
    <subfield code="c">2008.</subfield>
  </datafield>
  <datafield tag="300" ind1=" " ind2=" ">
    <subfield code="a">vii, 247p.:</subfield>
    <subfield code="b">ills.;</subfield>
    <subfield code="c">22 cm.</subfield>
  </datafield>
  <datafield tag="500" ind1=" " ind2=" ">
    <subfield code="a">Includes index.</subfield>
  </datafield>
  <datafield tag="505" ind1=" " ind2=" ">
    <subfield code="a">Contents: History and examination -- Speech -- Mental state and higher function -- Gait -- Cranial nerves: general -- Cranial nerve I: Olfactory nerve -- Cranial nerves: the eye 1- pupils, acuity, fields -- Cranial nerves: the eye 2- fundi -- Cranial nerves III, IV, VI: eye movements -- Cranial nerves: nystagmus -- Cranial nerves V and VII: the face -- Cranial nerves VIII: auditory nerve -- Cranial nerves IX, X, XII: the mouth -- Cranial nerve XI: accessory nerve -- Motor system: General -- Motor system: Tone -- Motor system: Arms -- Motor system: Legs -- Motor system: Reflexes -- Motor system: What you find and what it means -- Sensation: General -- Sensation: What you find and what it means -- Coordination -- Abnormal movements -- Special signs -- The Automatic nervous system -- The Unconscious patient -- Summary of screening neurological examination -- Passing clinical examinations.</subfield>
  </datafield>
  <datafield tag="942" ind1=" " ind2=" ">
    <subfield code="2">lcc</subfield>
    <subfield code="c">BK</subfield>
  </datafield>
  <datafield tag="999" ind1=" " ind2=" ">
    <subfield code="c">5814</subfield>
    <subfield code="d">13314</subfield>
  </datafield>
  <datafield tag="952" ind1=" " ind2=" ">
    <subfield code="0">0</subfield>
    <subfield code="1">0</subfield>
    <subfield code="2">lcc</subfield>
    <subfield code="4">0</subfield>
    <subfield code="7">0</subfield>
    <subfield code="a">WIUC-1</subfield>
    <subfield code="b">WIUC-1</subfield>
    <subfield code="c">NURS L.</subfield>
    <subfield code="d">2015-10-29</subfield>
    <subfield code="l">0</subfield>
    <subfield code="o">RC348.F85</subfield>
    <subfield code="p">NURS/242/15</subfield>
    <subfield code="r">2015-10-29 00:00:00</subfield>
    <subfield code="w">2015-10-29</subfield>
    <subfield code="y">BK</subfield>
  </datafield>
</record>
